ARRUPE JESUIT UNIVERSITY

CORONAVIRUS -STOP THE SPREAD - CLEAN,DISINFECT,COVER

Twelve years a slave. (Record no. 123579)

MARC details
000 -LEADER
fixed length control field 01118cam a22003371 4500
001 - CONTROL NUMBER
control field 1192137
003 - CONTROL NUMBER IDENTIFIER
control field ARRUPE
005 - DATE AND TIME OF LATEST TRANSACTION
control field 20151021150117.0
008 - FIXED-LENGTH DATA ELEMENTS--GENERAL INFORMATION
fixed length control field 700901r19681853lauabh b 000 0 eng
010 ## - LIBRARY OF CONGRESS CONTROL NUMBER
LC control number 68013454 //r872
035 ## - SYSTEM CONTROL NUMBER
System control number (OCoLC)ocm00437829
035 ## - SYSTEM CONTROL NUMBER
System control number (NNC)1192137
040 ## - CATALOGING SOURCE
Original cataloging agency DLC
Transcribing agency DLC
Modifying agency m.c.
-- ZCU
043 ## - GEOGRAPHIC AREA CODE
Geographic area code n-us-la
050 0# - LIBRARY OF CONGRESS CALL NUMBER
Classification number E444
Item number .N87
082 ## - DEWEY DECIMAL CLASSIFICATION NUMBER
Classification number 301.45/22/09763
300 ## - PHYSICAL DESCRIPTION
Other physical details illus., facsim., map.
Dimensions 23 cm.
100 1# - MAIN ENTRY--PERSONAL NAME
Personal name Northup, Solomon,
Dates associated with a name 1808-1863?
9 (RLIN) 20430
245 10 - TITLE STATEMENT
Title Twelve years a slave.
Statement of responsibility, etc Edited by Sue Eakin & Joseph Logsdon.
260 ## - PUBLICATION, DISTRIBUTION, ETC. (IMPRINT)
Place of publication, distribution, etc Baton Rouge,
Name of publisher, distributor, etc Louisiana State University Press
Date of publication, distribution, etc [1968]
300 ## - PHYSICAL DESCRIPTION
Extent xxxviii, 273 p.
490 1# - SERIES STATEMENT
Series statement The Library of southern civilization
500 ## - GENERAL NOTE
General note Reprint of the 1853 ed.
504 ## - BIBLIOGRAPHY, ETC. NOTE
Bibliography, etc Bibliographical footnotes.
650 #0 - SUBJECT ADDED ENTRY--TOPICAL TERM
Topical term or geographic name as entry element Plantation life
Geographic subdivision Louisiana.
9 (RLIN) 20431
650 #0 - SUBJECT ADDED ENTRY--TOPICAL TERM
Topical term or geographic name as entry element Slavery in the United States
Geographic subdivision Louisiana.
9 (RLIN) 20432
700 1# - ADDED ENTRY--PERSONAL NAME
Personal name Eakin, Sue L.,
Relator term editor.
9 (RLIN) 20433
700 1# - ADDED ENTRY--PERSONAL NAME
Personal name Logsdon, Joseph,
Relator term editor.
9 (RLIN) 20434
830 #0 - SERIES ADDED ENTRY--UNIFORM TITLE
Uniform title Library of Southern civilization.
9 (RLIN) 20435
942 ## - ADDED ENTRY ELEMENTS (KOHA)
Source of classification or shelving scheme Library of Congress Classification
Koha item type Monograph ( Printed materials)
Holdings
Withdrawn status Lost status Source of classification or shelving scheme Damaged status Not for loan Collection code Home library Current library Shelving location Date acquired Total Checkouts Full call number Barcode Date last seen Price effective from Koha item type
    Library of Congress Classification     Main Collection ARRUPE LIBRARY ARRUPE LIBRARY Main Collection 21/10/2015   E444.N87 46500005659 13/12/2017 21/10/2015 Monograph ( Printed materials)

 

Arrupe Library. PO Box MP320 Mt Pleasant, Harare, Zimbabwe
263 242 745411|librarian@aju.ac.zw